| 000 | 00728nam a2200229 a 4500 | ||
|---|---|---|---|
| 001 | 000012201 | ||
| 005 | 20200929162736.0 | ||
| 008 | 091106s2004 pr 000 f spa d | ||
| 020 | _a1932271279 | ||
| 040 |
_aDO-SdBNP _bspa _cBNPHU |
||
| 082 |
_aPR863.44 _bF677c |
||
| 100 | 1 |
_aFont Acevedo, Francisco, _d1970 - _928829 |
|
| 245 | 1 | 0 |
_aCaleidoscopio / _cFrancisco Font Acevedo. |
| 260 |
_aSan Juan, Puerto Rico ; _aSanto Domingo : _bIsla Negra, _c2004. |
||
| 300 |
_a147 p. ; _c22 cm. |
||
| 490 | 1 | _aEl rostro y la máscara | |
| 650 | 4 |
_aNovela puertorriqueña _91185 |
|
| 650 | 4 |
_aLiteratura puertorriqueña _9250 |
|
| 830 | 3 |
_aEl rostro y la máscara _9251 |
|
| 910 | _aValidado. Control de calidad BNPHU | ||
| 049 | _aBNGR | ||
| 999 |
_c11866 _d11866 |
||